Vista normal Vista MARC

Entrada Corporate Name

Número de registros utilizados en: 5

001 - CONTROL NUMBER

  • control field: 10674

003 - CONTROL NUMBER IDENTIFIER

  • control field: OSt

005 - DATE AND TIME OF LATEST TRANSACTION

  • control field: 20200922161550.0

008 - FIXED-LENGTH DATA ELEMENTS

  • fixed length control field: 200922|| aca||aabn | a|a d

040 ## - CATALOGING SOURCE

  • Original cataloging agency: OSt
  • Transcribing agency: OSt

110 ## - HEADING--CORPORATE NAME

  • Corporate name or jurisdiction name as entry element: Universidad de los Andes

670 ## - SOURCE DATA FOUND

  • Source citation: Work cat.: (OSt): Universidad de los Andes, Geografía Económica de Colombia / , 2006